Modely zrelosti Business intelligence a ich implementácia v podnikovej praxi
Model zrelosti Business intelligence pozostáva z piatich etáp. Prvá etapa - preddefinované výkazníctvo. Druhá etapa - BI v rámci odborných úsekov. Tretia etapa - celopodniková BI. Štvrtá etapa - rozšírená podpora rozhodovania (podpora inovácií a aktivít zamestnancov). Piata etapa - aktívny manažment...
Saved in:
| Main Author: | |
|---|---|
| Format: | Book Chapter |
| Language: | Slovak |
| Subjects: | |
| Tags: |
No Tags, Be the first to tag this record!
|
MARC
| LEADER | 00000naa$a2200000$$$4500 | ||
|---|---|---|---|
| 001 | 0128045 | ||
| 005 | 20240502072447.9 | ||
| 041 | 0 | |a slo | |
| 044 | |a SK | ||
| 245 | 1 | 0 | |a Modely zrelosti Business intelligence a ich implementácia v podnikovej praxi |c Anna Hamranová |
| 520 | |a Model zrelosti Business intelligence pozostáva z piatich etáp. Prvá etapa - preddefinované výkazníctvo. Druhá etapa - BI v rámci odborných úsekov. Tretia etapa - celopodniková BI. Štvrtá etapa - rozšírená podpora rozhodovania (podpora inovácií a aktivít zamestnancov). Piata etapa - aktívny manažment znalostí. Implementácia Business intelligence na základe modelu zrelosti. Výsledky výskumnej štúdie v nemeckých podnikoch. | ||
| 610 | 2 | 0 | |a riadenie podnikové |
| 610 | 2 | 0 | |a systémy informačné |
| 610 | 2 | 0 | |a technológie informačné |
| 610 | 2 | 0 | |a softvér |
| 610 | 2 | 0 | |a procesy podnikové |
| 100 | 1 | |a Hamranová, Anna, 1957- | |